000 00730nam a2200229Ii 4500
003 JO-AjNU
008 230605s9999||||xx |||||||||||||| ||und||
017 _a2005/4/799
020 _a9957-38-028-1
040 _aJO-AjNU
_bara
_erda
_cJO-AjNU
041 _aara
050 1 4 _aPJ7806.I7.H8 2005
100 3 _aتأليف عابد،رسمي علي,
_eauthor
_924271
245 0 0 _aهبل من جديد
250 _aط1
264 3 1 _aعمان:دار جرير للنشر والتوزيع،2005
300 _a143ص
336 _atext
_btxt
_2rdacontent
337 _aunmediated
_bn
_2rdamedia
338 _avolume
_bnc
_2rdacarrier
650 4 _a المسرحيات العربية - الأردن - القرن العشرين
_924272
999 _aA8911
_c12479
_d12479